| 000 | 00431cam a2200169ua 4500 | ||
|---|---|---|---|
| 020 | _c15.00 | ||
| 041 |
_aeng _h |
||
| 082 |
_a634.9 _bSIT/IN |
||
| 100 | _aSitaramRao, M . | ||
| 245 |
_aIntroduction to social forestry / _cM SitaramRao. _hTextual Documents |
||
| 260 |
_aNew Delhi : _bOxford & IBH Publishing company , _c1984. |
||
| 300 | _a77 ; . | ||
| 365 | _a15.00 | ||
| 504 | _a | ||
| 942 | _cBK | ||
| 999 |
_c2810 _d2810 |
||